000 00791nam a2200277Ia 4500
003 OSt
005 20221005073014.0
006 a|||||r|||| 00| 0
007 ta
008 221004b |||||||| |||| 00| 0 eng d
024 _a107986
037 _cTextual
040 _aCRL
_cCRL
_beng
041 _2eng
_aeng
082 _aY15p2,N96, N6
110 _aIndia, University of Delhi
_9152029
111 _aSeminar Organised by The Department of English and History
_9607651
245 0 _aImaging of women in myth and history
260 _aNew Delhi
_bGargi College India
_c1996
300 _a115p.
_ccm.
500 _aGift
650 _aSOCIOLOGY
700 _aIndia, University of Delhi
_9152030
942 _hY15p2,N96, N6
_cTEXL
_2cc
999 _c980402
_d980402